| Tag |
First Indicator |
Second Indicator |
Subfields |
| LEADER |
00000cam a2200000 i 4500 |
| 001 |
in00004810621 |
| 008 |
070816s2008 txuab b 001 0 eng |
| 005 |
20240807185847.2 |
| 010 |
|
|
|a 2007033914
|
| 035 |
|
|
|a (OCoLC)ocn165957953
|
| 040 |
|
|
|a DLC
|b eng
|e rda
|c DLC
|d BTCTA
|d BAKER
|d YDXCP
|d BWX
|d UKM
|d IXA
|d TBS
|d OCLCQ
|d FZU
|d BDX
|d IKM
|d LEV
|d OCLCA
|d OCLCF
|d OCLCQ
|d NTX
|d OCLCA
|d TXJAS
|d UKMGB
|d OCLCQ
|d AZU
|d OCL
|d VYM
|d OCLCO
|d UPM
|d AGL
|d OCLCO
|d IND
|d OCLCO
|d LA0
|d OCLCL
|
| 015 |
|
|
|a GBA889545
|2 bnb
|
| 016 |
7 |
|
|a 014669890
|2 Uk
|
| 019 |
|
|
|a 1022704258
|
| 020 |
|
|
|a 9781603440202
|q (flexicover ;
|q alk. paper)
|
| 020 |
|
|
|a 1603440208
|q (flexicover ;
|q alk. paper)
|
| 029 |
1 |
|
|a AU@
|b 000042110713
|
| 029 |
1 |
|
|a UKMGB
|b 014669890
|
| 035 |
|
|
|a (OCoLC)165957953
|z (OCoLC)1022704258
|
| 043 |
|
|
|a n-us-tx
|
| 050 |
0 |
0 |
|a GB705.T4
|b E88 2008
|
| 070 |
0 |
|
|a GB705.T4
|b E88 2008
|
| 082 |
0 |
0 |
|a 553.709764
|2 22
|
| 049 |
|
|
|a MAIN
|
| 100 |
1 |
|
|a Estaville, Lawrence E.
|q (Lawrence Ernest)
|1 https://id.oclc.org/worldcat/entity/E39PCjFwGFRRHXqjX4WW47vM8C
|0 http://id.loc.gov/authorities/names/no90015451,
|e author
|
| 245 |
1 |
0 |
|a Texas water atlas /
|c Lawrence E. Estaville and Richard A. Earl ; preface by Andrew Sansom.
|
| 250 |
|
|
|a 1st ed.
|
| 264 |
|
1 |
|a College Station :
|b Texas A and M University Press,
|c [2008]
|
| 264 |
|
4 |
|c ©2008
|
| 300 |
|
|
|a [131] pages :
|b color illustrations, color maps ;
|c 29 cm.
|
| 336 |
|
|
|a text
|b txt
|2 rdacontent
|
| 337 |
|
|
|a unmediated
|b n
|2 rdamedia
|
| 338 |
|
|
|a volume
|b nc
|2 rdacarrier
|
| 490 |
1 |
|
|a River books
|
| 504 |
|
|
|a Includes bibliographical references (pages 127-129) and index.
|
| 505 |
0 |
|
|a CLIMATE: Climates -- Climate divisions -- Average annual precipitation -- Average monthly precipitation, January-April -- Average monthly precipitation, May-August, Average monthly precipitation, September-December -- Climate variability -- annual precipitation -- Climate variability -- annual precipitation (graph) -- Annual precipitation for major Texas cities, 1940-2003 -- Annual precipitation, 1940-2003 -- El Paso and Lubbock -- Annual precipitation, 1940-2003 -- San Antonio and Austin -- Annual precipitation, 1940-2003 -- Dallas and Houston -- Annual potential evapotranspiration -- Priestly Taylor method -- Annual potential evapotranspiration -- Penman method -- Gross lake surface evaporation -- average annual rate, 1950-79 -- SURFACE WATER AND GROUNDWATER: Major rivers -- Major drainage basins -- Surface water -- Major Texas reservoirs (table) -- Springs -- Groundwater recharge -- estimated mean annual -- Major aquifers -- Edwards aquifer -- Ogallala aquifer -- Edwards-Trinity aquifer system -- Minor aquifers -- Playa Lakes -- Coastal wetlands near Galveston -- Coastal wetlands near Corpus Christi -- Coastal wetlands near Brownsville -- WATER HAZARDS: Shoreline erosion -- overview of study areas -- Shoreline erosion -- focus on study areas -- Floodplain zones -- Selected floodplains -- downtown areas -- Historic floods, 1853-2002 -- Floods from storms, 1853-2002 -- Flash floods, 1986-99 -- Hurricane paths -- most damaging storms, 1950-2000 -- Hurricane intensity -- most severely affected countries -- Major droughts -- National Weather Service climatic divisions -- Public water supply systems -- affected by drought, 2004 -- Per capita water use in drought, 2000 -- Groundwater overdraft subsidence -- Houston-Galveston area, 1906-2000 -- WATER QUANTITY AND QUALITY: Spanish - Mexican acequias -- USGS real-time gaging stations -- Surface water supply index, 2002 -- Surface water availability, 2002 -- Surface water allocation, 2004 -- Surface water quality, 2000 -- Water desalination plants, 2004 -- Groundwater vulnerability, 2002 -- Water wells, 2004 -- wells per county -- Waters wells drilled, 1820-2003 -- Water wells drilled annually, 1820-2003 (graph) -- Population and precipitation, 2000 -- Population and water usage, 2003 -- Water usage, 2003 -- irrigation, manufacturing, municipal -- Water usage, 2003 -- mining, livestock, steam and electric production -- River authorities, 2000 -- Water management regions, 2003 -- Senate bill (1997) -- Groundwater conservation districts (GCDs) --
|
| 505 |
8 |
|
|a WATER PROJECTS, POLLUTION, AND PROTECTION: National waterway network in Texas, 2001 -- Hydroelectric power, 1999 -- Major Texas hydroelectric plants, 2005 (table) -- Oil and natural gas production, 2003 -- Industrial pollutants -- leaking underground tanks, 2001, and industrial hazardous waste, 1997 -- Industrial pollutants, 2004 -- mining operations and nuclear or radioactive -- Agricultural pollutants, 2004 -- animal waste and groundwater contamination -- Concentrated animal feeding operations (CAFOs) -- Sanitary landfills -- number of people served, 1996 -- Landfills -- other attributes, 1996 -- Facilities emitting air pollutants, 1999 -- Wastewater discharge, 2002 -- Toxic substances in surface waters, 1999 -- Locations of fish kills, 1958-2005 -- Endangered water-dependent species, 2004 -- fish, mammmals, and birds -- Endangered water-dependent species, 2004 -- other animals and plants -- Invasive plant species -- Major protected areas -- WATER RECREATION: Water access by boats, 2005 -- Aquariums, 2006 -- Water parks, 2006 -- Scuba parks, 2006 -- Tubing access, 2006 -- WATER PROSPECTS: Projected change in water supplies, 2000-2050 -- water management regions -- Change in groundwater supplies, 2000-2050 -- Interbasin water transfers -- Proposed interbasin water transfers -- Projected water needs -- water user groups in river basins -- Counties with projected unmet user group needs, 2050 -- Surface water supplies in drought -- projected for river basins -- Per capita water use in drought -- projected for selected cities -- Water demand projections -- irrigation -- Water demand projections -- livestock -- Water demand projections -- manufacturing -- Water demand projections -- manufacturing -- Water demand projections -- mining -- Water demand projections -- municipal -- Water demand projections -- steam and electric.
|
| 520 |
|
|
|a Rainfall, hurricanes, rivers, reservoirs, springs, lakes, aquifers, wetlands, floodplains, water parks, irrigation, wells--the list of water-related topics in Texas is long and critical to the state's economic and political future. Texas Water Atlas provides the first comprehensive reference for water-related topics in Texas. <p>Geographers Lawrence E. Estaville and Richard A. Earl have compiled a host of data to visually convey vital information on Texas' climate, surface and groundwater, water uses and hazards, water quantity and quality, recreation, future supply projections, and the environmental management of its water resources. In addition to more than 150 color maps, the book includes brief introductions to each chapter and a Texas water timeline that traces the state's water events since European settlement. </p><p>An excellent resource for teachers, students, and policy makers, the atlas promises also to be an invaluable tool for conservation professionals and the general public. </p><p>
|
| 590 |
|
|
|b TAG Physical Holdings 2
|
| 650 |
|
0 |
|a Hydrology
|z Texas.
|
| 650 |
|
0 |
|a Hydrology
|z Texas
|v Maps.
|
| 650 |
|
0 |
|a Hydrology
|z Texas
|v Pictorial works.
|
| 650 |
|
6 |
|a Hydrologie
|z Texas.
|
| 650 |
|
6 |
|a Hydrologie
|z Texas
|v Ouvrages illustrés.
|
| 650 |
|
7 |
|a Hydrology.
|2 fast
|0 (OCoLC)fst00965147
|
| 651 |
|
7 |
|a Texas.
|2 fast
|0 (OCoLC)fst01210336
|1 https://id.oclc.org/worldcat/entity/E39PBJj8XjVR9hP7dPxwVtRqcP
|
| 655 |
|
7 |
|a illustrated books.
|2 aat
|
| 655 |
|
7 |
|a Illustrated works.
|2 fast
|0 (OCoLC)fst01423873
|
| 655 |
|
7 |
|a Maps.
|2 fast
|0 (OCoLC)fst01423704
|
| 655 |
|
7 |
|a Pictorial works.
|2 fast
|0 (OCoLC)fst01423874
|
| 655 |
|
7 |
|a Maps.
|2 lcgft
|0 http://id.loc.gov/authorities/genreForms/gf2011026387
|
| 655 |
|
7 |
|a Illustrated works.
|2 lcgft
|0 http://id.loc.gov/authorities/genreForms/gf2014026111
|
| 655 |
|
7 |
|a Cartes géographiques.
|2 rvmgf
|
| 655 |
|
7 |
|a Ouvrages illustrés.
|2 rvmgf
|
| 700 |
1 |
|
|a Earl, Richard A.
|q (Richard Allen)
|1 https://id.oclc.org/worldcat/entity/E39PCjxmj7WV7P7jJtgBTjmBdP
|0 http://id.loc.gov/authorities/names/no97010092
|
| 758 |
|
|
|i has work:
|a Texas Water Atlas (Text)
|1 https://id.oclc.org/worldcat/entity/E39PCFFXYhmqGMyPgKctGFk4FX
|4 https://id.oclc.org/worldcat/ontology/hasWork
|
| 830 |
|
0 |
|a River books (Series)
|0 http://id.loc.gov/authorities/names/n2005070415
|
| 856 |
4 |
1 |
|3 Table of contents
|u http://catdir.loc.gov/catdir/toc/ecip0725/2007033914.html
|t 0
|
| 938 |
|
|
|a Baker & Taylor
|b BKTY
|c 24.95
|d 18.71
|i 1603440208
|n 0007552497
|s active
|
| 938 |
|
|
|a Brodart
|b BROD
|n 07900562
|c $24.95
|
| 938 |
|
|
|a Baker and Taylor
|b BTCP
|n 2007033914
|
| 938 |
|
|
|a YBP Library Services
|b YANK
|n 2747824
|
| 938 |
|
|
|a Blackwell Book Service
|b BBUS
|n R8721640
|c $24.95
|
| 994 |
|
|
|a 92
|b TAG
|
| 852 |
|
|
|a TAG
|b TAGC
|c galv,ref
|h GB705.T4 E88 2008
|t c.1
|
| 876 |
|
|
|c 19.96
|p 33620001208541
|x Acc# 2011-0637
|u noncirc
|v unmediated -- volume
|
| 999 |
f |
f |
|s 6cad4af3-c7bf-4e67-8bdb-61f3d4ab1aa2
|i 934567c1-cfc0-4f57-b17c-243931b015d6
|t 0
|
| 952 |
f |
f |
|p noncirc
|a Texas A&M University
|b Galveston Campus
|c Jack K. Williams Library
|d Galveston Reference
|t 0
|e GB705.T4 E88 2008
|h Library of Congress classification
|i unmediated -- volume
|m 33620001208541
|
| 998 |
f |
f |
|a GB705.T4 E88 2008
|t 0
|l Galveston Reference
|